000 00926cam a22002897a 4500
003 CHAP
005 20220329141637.0
008 971013s1983 r 00010 d
010 _a71547
011 _a72519
035 _a82074
040 _cCHAP
082 _a001.6
_bD3Y 1973
100 0 0 _aDavis, Gordon B.
_931263
245 1 0 _aPrincipios de procesamiento de datos
_c/por Gondon B. Davis
260 _aMéxico, D.F. :
_bTrillas,
_c1983
300 _a648 p.
_b: ilus.
500 _aTrad. de la 2 ed. en inglés de 1973
590 _aBATCH-UPD
_b10
_c20130110
_lUCH01
_h0623
590 _aBATCH-UPD
_b10
_c20130410
_lUCH01
_h0306
590 _aBATCH-UPD
_b10
_c20130914
_lUCH01
_h1137
590 _aCONVERSION
_b10
_c20130109
_lUCH01
_h1339
650 1 4 _aProcesamiento automático de datos.
_991738
901 _aBK
942 _cLIBRO
949 _a001.6 D3Y 1973
_bBC
_cLIBRO
_d33724000832176
_eLIBRO
_gI.126294
_h65846
_i82074
_sb
999 _c71547
_d71547